000 00960nam a22002297a 4500
999 _c76276
_d76276
005 20251125233132.0
008 s2559 th tha d
020 _a9786162694431
040 _aNALT
041 _atha
090 _aKS 48.1
_bส447ค 2559
100 0 _aสหธน รัตนไพจิตร
_918910
245 1 0 _aคำอธิบายตั๋วเงิน /
_cสหธน รัตนไพจิตร.
250 _aพิมพ์ครั้งที่ 11
260 _aกรุงเทพฯ :
_bวิญญูชน,
_c2559.
300 _a365 หน้า ;
_b
_c26 ซม.
650 0 _aกฎหมายแพ่งและพาณิชย์
_xตั๋วเงิน
_918911
850 _aNALT
856 4 0 _uhttps://hdl.handle.net/20.500.14156/523582
_71
942 _cLB
_01
_2local
998 _j104
_k สายฝน ดีงาม